000 00519nam a2200193 a 4500
001 1770453311803
003 YourLibrary
005 20260207140841.0
008 260207s2006##################000#0#eng##
020 _a9780470029213
082 0 4 _a333.33850941
_bBIE
100 1 _aBien, Melanie,
_eauthor.
245 1 0 _aRenting Out Your Property For Dummies :
260 _bFor Dummies,
_c2006.
300 _a392 pages
650 0 _aBusiness & Economics.
942 _cENGLISH
040 _aYourLibrary
_beng
_cYourLibrary
999 _c610948
_d610948